[Event "RA Fall Open"]
[Site "Ottawa"]
[Date "2016.09.23"]
[Round "3"]
[White "Sambuev, Bator"]
[Black "Gordon, David"]
[Result "0-1"]
[WhiteElo "2619"]
[BlackElo "2311"]
[Annotator "John Upper"]
[PlyCount "122"]
[EventDate "2016.??.??"]
[EventType "swiss"]
[EventCountry "CAN"]
[SourceTitle "Chess Canada Tactiosauru"]
[Source "CFC/John Upper"]
[SourceDate "2023.03.11"]
[SourceVersion "1"]
[SourceVersionDate "2023.03.11"]
[SourceQuality "1"]

{[%evp 0,122,33,33,46,29,35,-10,28,27,9,9,57,35,37,18,18,8,17,9,17,1,75,65,66,
37,55,55,45,67,55,42,34,40,44,28,107,109,137,160,156,177,164,164,186,136,153,
146,163,160,170,136,144,168,152,154,158,177,172,170,170,154,172,183,175,158,
179,164,199,187,219,224,230,162,157,112,118,-90,-104,-321,-335,-335,-335,-324,
-337,-368,-340,-382,-311,-373,-277,-277,-302,-330,-352,-364,-363,-448,-470,
-472,-466,-474,-493,-579,-633,-704,-659,-659,-696,-765,-806,-847,-712,-786,
-641,-1759,-1759,-1329,-2393,-28080,-28206,-29969,-1500,-1500,-777]} 1. e4 d5
2. exd5 Nf6 3. c4 c6 4. d4 cxd5 5. Nc3 g6 6. Nf3 Bg7 7. Be2 dxc4 8. Bxc4 O-O 9.
O-O Bg4 10. Re1 Nbd7 11. Bb3 Nb6 12. Bg5 Rc8 13. h3 Bxf3 14. Qxf3 Qd7 15. Re2
h6 16. Bf4 Rfd8 17. Rae1 Nbd5 18. Be5 e6 19. Bxf6 Nxf6 20. Rxe6 Re8 21. R6e5 a6
22. a4 b5 23. axb5 axb5 24. R1e3 Rb8 25. Nd5 Nxd5 26. Qxd5 Red8 27. Re8+ Qxe8
28. Rxe8+ Rxe8 29. Qxf7+ Kh7 30. Bc2 Re1+ 31. Kh2 Rb6 32. f3 Re2 33. Qc7 Rf6
34. h4 h5 35. b4 Kh6 36. Qc5 Bf8 37. Qg5+ Kg7 {[%mdl 32832] [#] Critical
Position Where should the Bc2 go?} 38. Be4 $4 (38. Bd1 $4 Bd6+ 39. Kg1 Re1+ $19
{and the B drops.}) (38. Bb3 $142 Bd6+ $8 39. Kg1 Rb2 40. Qd5 $8 Kh6 $1 {
and computers prefer White, but Black has perpetual threats, and either side
could lose this OTB.}) (38. Bd3 $142 $1 Bd6+ 39. Kg1 $8 $16 (39. Kh3 $4 Rxf3+
$8 $19 40. gxf3 Rh2#)) 38... Bd6+ $8 $19 39. Kg1 (39. Kh3 Re1 $8 40. g3 Rg1 $8
41. f4 (41. d5 Rxg3+ $19 {Black should have no problem converting the exchange
up ending.}) 41... Bxf4 $8 $19) 39... Re1+ $8 {Black wins a piece.} 40. Kf2
Rxe4 $19 41. Qd5 Rxh4 42. Ke3 Bxb4 43. Qxb5 Bf8 44. Qe5 Rhf4 45. Qc7+ Rf7 46.
Qe5+ R4f6 47. Kd3 Kh7 48. Qd5 Bg7 {[#] White's pawns aren't going anywhere,
Black's K is safe in his little fortress, and his pieces are about to run riot.
} 49. Qd8 Rf4 50. d5 R7f5 51. g4 {Desperation.} Rxf3+ 52. Ke2 Rf2+ 53. Kd3
R5f3+ 54. Ke4 Rf4+ 55. Ke3 Bd4+ 56. Kd3 Rxg4 57. d6 Rf3+ 58. Ke2 Re3+ 59. Kd2
Rg2+ 60. Kd1 Rd3+ 61. Ke1 Bg7 0-1

[Event "RA Fall Open"]
[Site "Ottawa"]
[Date "2016.09.25"]
[Round "5"]
[White "Gordon, David"]
[Black "Valdizon, Armando"]
[Result "0-1"]
[WhiteElo "2311"]
[BlackElo "2171"]
[Annotator "John Upper"]
[PlyCount "58"]
[EventDate "2016.??.??"]
[EventType "swiss"]
[EventCountry "CAN"]
[SourceTitle "Chess Canada Tactiosauru"]
[Source "CFC/John Upper"]
[SourceDate "2023.03.11"]
[SourceVersion "1"]
[SourceVersionDate "2023.03.11"]
[SourceQuality "1"]

{[%evp 0,58,37,11,26,7,56,-3,-4,-5,0,-1,-8,-36,-37,-20,0,-4,26,17,15,16,19,10,
21,-117,-140,-126,-100,-151,-151,-199,-126,-46,-48,-48,-34,-257,-209,-261,-261,
-303,-271,-306,-239,-352,-279,-409,-393,-482,-492,-500,-498,-498,-581,-598,
-582,-1724,-2226,-29997,-663]} 1. d4 d5 2. Bf4 c5 3. e4 dxe4 4. d5 Nf6 5. Nc3
a6 6. a4 g6 7. Bc4 Bg7 8. Nge2 Nbd7 9. d6 e5 10. Bg5 h6 11. Nd5 O-O 12. h4 $5 {
[%mdl 32832] [#] Diagram [#]Critical Position White has just played h2-h4, a
tactic nicknamed "the fishingpole" -- the piece on g5 is the bait, the pawn
that takes on g5 is the hook, and the open h-file is the line to reel in the
"fish".  Can Black take on g5?  If not now, when?} Nb6 $1 (12... hxg5 $2 13.
Ne7+ $8 $18 Kh8 14. hxg5+ Nh7 {Analysis Diagram [#]} (14... Nh5 15. Rxh5+ gxh5
16. Ng3 $18 {and Black has to give back too much to prevent Qxh5 mating:}) 15.
Ng3 $1 (15. Kd2 $2 {opening a path for Qh1 looks crushing, but Black has a
hard-to-see move which saves him:} Ndf6 $8 {this hop is the key resource in
many lines: it adds a defender to h7, decoys the g5-pawn, and opens a
counterattack on d6.} 16. Kc1 $1 $13 (16. gxf6 Qxd6+ $2 (16... Bxf6 $1 $13) 17.
Kc3 $1 Qxf6 $8 18. Qg1 e3 $1 19. Kb3 $1 $16)) (15. Rxh7+ $2 Kxh7 16. Qd5 $13 (
16. Kd2 $4 Nf6 $1 17. gxf6 Qxd6+ $19) 16... Nf6 $8 $13) (15. Qd5 $1 {is a
better way to get the Q to the h-file.} Nb6 16. Qxe4 Nxc4 (16... Qxd6 17. Rxh7+
$18) 17. Rxh7+ $18 {#2}) 15... Nb6 16. Rxh7+ Kxh7 17. Ke2 $8 $18 Bg4+ 18. f3
exf3+ 19. gxf3 Bh5 20. Qh1 $18) 13. Ne7+ (13. Nxf6+ {concedes Black a
comfortable plus, with no active chances for White:} Bxf6 14. Bxf6 Qxf6 15. Ba2
Be6 $15) (13. Nxb6 {also gives up the attack} Qxb6 14. Bxf6 Bxf6 15. Nc3 (15.
d7 $2 Qb4+ 16. c3 Qxc4 17. dxc8=Q Raxc8 $19) 15... Rd8 $15) 13... Kh7 $1 (13...
Kh8 {is not losing, so long as Black doesn't take on g5 anytime soon:} 14. Ba2
hxg5 $4 (14... Bg4 $142 $1 15. Qd2 $1 $40) 15. hxg5+ Nh7 (15... Nh5 16. Ng3 $18
) 16. Ng3 $18 {with the slow but deadly threats of Nxe4, Qf3-g3-h4, and also
Ke2 (clearing the route to the h-file) then Rxh7+.}) 14. Ba2 Bg4 $8 (14... hxg5
$4 15. hxg5+ Nh5 16. Ng3 $18) 15. Qd2 $1 {[#]} (15. Bxf6 $2 Bxf6 16. h5 (16. f3
$2 exf3 17. Ng3 f2+ $19) 16... Bxe7 17. dxe7 Qxe7 18. hxg6+ fxg6 19. Qd2 h5 $8
$19) 15... hxg5 $2 (15... Nc8 $142 $15) (15... Bxe2 $142 16. Kxe2 Qd7 $15) 16.
hxg5+ Nh5 $8 17. Ng3 $1 (17. Rh4 $1 {is also strong:} e3 $1 (17... Nc8 18. Rxg4
Nxd6 19. O-O-O $13) (17... Qd7 18. Ng3 $1 Nc8 (18... e3 19. Qxe3 Qxd6 20. f3
$18) 19. Nxe4 $8 Nxe7 $1 20. dxe7 $16) (17... Be6 $2 18. g4 $18) 18. fxe3 $8
Qd7 19. Ng3 $13) 17... Nc8 $8 {[%mdl 64] Getting rid of the bone on d6 that's
been choking him for so long. [#]  Critical Position White to play and... win
or survive?} 18. Nxh5 $4 (18. f3 $6 exf3 $8 19. Nxh5 $8 Bxh5 $8 (19... fxg2 20.
Nf6#) 20. Qd3 $8 (20. g4 $2 Nxd6 21. gxh5 Qxe7 22. hxg6+ Kxg6 $8 $19) 20...
Nxe7 $1 (20... fxg2 $4 21. Rxh5+ $18) 21. Rxh5+ Kg8 22. dxe7 Qxd3 $1 (22...
Qxe7 $4 23. Qxg6 $18) 23. exf8=Q+ $15 {Black will have a clear material plus
after an intermediate ...fxg2 before taking on h5, but the opposite Bs may
give White some chances.}) (18. Nxe4 $1 Nxe7 (18... Nxd6 $4 19. Qxd6 $18) 19.
dxe7 Qxd2+ (19... Qxe7 20. f3 $13 {and Black doesn't have time to save both
the Bg4 and the Nh5.}) 20. Kxd2 Rfe8 21. Nf6+ $5 {leads to a fascinatingly
sharp ending:} (21. f3 $142 $1 $14 {and g4 gets the piece back.}) 21... Bxf6
22. gxf6 Kg8 $1 {defends f7 and unpins the N, threatening ...Nxf6, so [#]} 23.
Rxh5 $8 gxh5 $1 {keeps the B from getting trapped and opens the f6 pawn to
attack from the side.  Black is up a R for a P, but computers show that this
position is on a knife edge. Black would be clearly winning here if he could
play ...a5 then ...Ra6, but it requires accuracy to get at the f6 pawn without
conceding too much:} 24. Bc4 $1 {Otherwise ...Be6 forces off White's B.} Be6 (
24... a5 $2 25. Ra3 $1 $16 {heading for g3.}) 25. Bd3 $1 (25. Be2 $2 Kh7 26.
Bxh5 Kh6 $8 $19) 25... c4 26. Be4 {Threatening Rh1 winning!} a5 $8 27. Rh1 Bg4
$8 28. f3 Ra6 $8 $19) 18... gxh5 $19 (18... Bxh5 $4 19. Rxh5+ $3 (19. g4 $14)
19... gxh5 20. Qe2 Qxd6 21. Qxh5+ Bh6 22. Rd1 $1 Qxe7 (22... Qb6 23. Bxf7 Nxe7
24. Rd7 $18) 23. Qxh6+ Kg8 24. Ke2 $18) 19. f3 Nxd6 $8 $19 (19... exf3 $4 20.
Qd3+ Kh8 21. gxf3 $18) 20. fxg4 Qxe7 21. O-O-O Rad8 (21... Rfd8 $142 $1 {
looks bad since it weakens f7, but it starts an escape route for the K through
f8.} 22. Rdf1 c4 $19) 22. Rxh5+ $1 (22. gxh5 $4 Nc4 {hits Qd2 and threatens ...
Qxg5+, killing White's advanced pawns.} 23. g6+ fxg6 24. hxg6+ Kxg6 $19) 22...
Kg8 {[#]} 23. g6 (23. Rdh1 $1 {forces Black to play very accurately.} Rfe8 $8 (
23... c4 $2 24. g3 $8 $13 {threatening Qh2}) (23... Nc4 $2 24. Qe1 $18 {
threatening Qh4 and Bxc4.}) 24. g6 (24. g3 Qd7 25. Qh2 Kf8 $8 $19) 24... Qf6 $8
(24... c4 $4 25. Rh8+ $1 Bxh8 26. Rxh8+ $18 {#3.}) 25. gxf7+ Nxf7 $19 {White
is running out of tricks, but Black still has to play accurately.}) 23... c4
$19 24. Rdh1 fxg6 25. Rh7 b5 $1 {shuts out the B, leaving Black with two extra
functioning pieces.} 26. axb5 axb5 27. Qd5+ Qf7 28. Qc5 Qf4+ $1 29. Kb1 Nb7 $5
(29... Qf1+ $142 $1 30. Rxf1 Rxf1#) 0-1

[Event "CWCC Zonal 2016"]
[Site "Ottawa"]
[Date "2016.09.25"]
[Round "7"]
[White "Tan, Kylie"]
[Black "Matras Clement, Agnieszka"]
[Result "0-1"]
[WhiteElo "1671"]
[BlackElo "2308"]
[Annotator "John Upper"]
[PlyCount "46"]
[EventDate "2016.??.??"]
[EventType "tourn"]
[EventCountry "CAN"]
[SourceTitle "Chess Canada Tactiosauru"]
[Source "CFC/John Upper"]
[SourceDate "2023.03.11"]
[SourceVersion "1"]
[SourceVersionDate "2023.03.11"]
[SourceQuality "1"]

{[%evp 0,46,28,12,12,12,16,8,11,21,10,10,4,10,24,-14,-7,-33,-7,-11,-11,-11,18,
20,46,25,24,-22,-38,-66,-57,-272,-294,-285,-288,-302,-293,-426,-434,-876,-881,
-29995,-29996,-29999,-29996,-29997,-29998,-29999,-30000]} 1. e4 e5 2. Nf3 Nc6
3. Bc4 Bc5 4. c3 Nf6 5. d3 d6 6. O-O O-O 7. Bb3 a6 8. Nbd2 Ba7 9. Re1 Ng4 10.
Re2 Kh8 11. h3 Nh6 12. Nf1 f5 13. Re1 Qf6 14. N1h2 $2 Qg6 {[%mdl 32832] [#]
Critical Position Black has a lot of pressure, what should White do?} 15. Nh4
$4 (15. Bxh6 $6 gxh6 $1 {with a continuing attack.} (15... Qxh6 $15)) (15. exf5
Bxf5 {and Black threatens ...Bxh3 and ...Bxd3, and} 16. d4 (16. Nh4 $2 Qg3 $19
{is like the game.}) 16... Bxh3 17. Nh4 Qf6 $8 $19) (15. Bd5 $5 f4 $1 (15...
fxe4 $140 $2 16. Bxe4 $8 $13) 16. Kf1 $1 Bd7 {is still more more fun for Black,
but it's not a rout.}) 15... Qg3 $8 $19 {Forking h4 and f2.} 16. N4f3 Bxf2+ 17.
Kh1 Bxe1 18. Nxe1 fxe4 19. dxe4 Bxh3 $1 {Forcing open the second rank is the
quickest win.} 20. gxh3 Rf2 21. Bf4 exf4 $6 {Did someone miss a mate-in-one...?
} 22. Nhf3 Rf1+ 23. Ng1 Rxg1# 0-1

[Event "Millionaire Chess Open"]
[Site "Atlantic City"]
[Date "2016.10.09"]
[Round "7"]
[White "Shimanov, Aleksandr"]
[Black "Hambleton, Aman"]
[Result "0-1"]
[WhiteElo "2650"]
[BlackElo "2436"]
[Annotator "Aman Hambleton"]
[PlyCount "130"]
[EventDate "2016.08.??"]
[EventType "swiss"]
[EventCountry "USA"]
[SourceTitle "Chess Canada Tactiosauru"]
[Source "CFC/John Upper"]
[SourceDate "2023.03.11"]
[SourceVersion "1"]
[SourceVersionDate "2023.03.11"]
[SourceQuality "1"]

{[%evp 0,130,33,19,23,20,29,29,27,45,50,29,49,31,35,32,32,18,37,32,27,30,51,48,
53,41,46,31,51,44,42,8,42,-9,24,21,38,18,21,12,21,0,0,-7,-28,-32,-32,-32,-31,
-48,-37,-27,-18,-18,-3,-72,-43,-43,-53,20,80,94,79,95,80,72,74,83,81,87,140,
140,126,-178,-199,-221,-221,-136,-204,-211,-213,-206,-216,-218,-218,-218,-226,
-224,-232,-238,-265,-325,-264,-791,-439,-456,-393,-384,-369,-369,-132,-337,
-337,-348,-344,-364,-358,-358,-306,-355,-300,-368,-345,-345,-358,-404,-388,
-431,-270,-340,-357,-372,-153,-1313,-1393,-1393,-1208,-29991,-1313,-1598,-2616,
-29985,-961]} 1. d4 e6 2. Nf3 Nf6 3. Bf4 c5 4. e3 Nc6 5. Nbd2 Be7 6. h3 cxd4 7.
exd4 b6 8. c3 Bb7 9. Bd3 O-O 10. O-O Re8 11. Re1 d6 12. Bh2 Rc8 13. a4 Bf8 14.
Nc4 h6 15. Bf1 Qd7 16. Nfd2 Red8 17. Bg3 Be7 18. Qb3 Na5 19. Nxa5 bxa5 20. Qb5
Qc7 21. Rac1 Bc6 22. Qc4 Nh5 23. Bh2 Bg5 24. Rc2 Qb7 25. Qa2 Nf4 26. f3 e5 27.
dxe5 dxe5 28. Nc4 e4 29. fxe4 Bxe4 30. Rf2 Nd3 31. Bxd3 Rxd3 32. Nd6 Rxd6 33.
Bxd6 Bd5 34. Qb1 Bh4 35. g3 Qd7 $5 {[%mdl 32832] Diagram [#] Critical Position
Both players have hanging Bs; what should White do?} 36. Bf4 $4 {My opponent
played too quickly; and surprisingly White is dead lost after this move.} ({
editor - Better than the game move was} 36. gxh4 $2 {which keeps the game
going after} Qxh3 $8 $11 37. Re4 $5 (37. Rh2 Qg4+ $8 38. Kf2 Qf3+ $11 {with a
repetition.}) 37... Rd8 $8 38. Rh2 (38. Bh2 $4 Bxe4 39. Qxe4 Rd1+ $19) 38...
Qf3 $8 39. Ree2 Qg4+ $8 (39... Rxd6 $4 40. Re8#) 40. Kf2 Qf3+ $8 41. Ke1 $5 Bc4
$1 $13) (36. Qd3 $8 $18 {Defending g3 and attacking Bd5.} Qxd6 37. gxh4 $18 {
by no means an easy conversion ahead, but White is definitely winning.}) (36.
Be5) 36... Bxg3 $8 $19 (36... Qxh3 $4 37. Rh2 $8 $18) 37. Bxg3 Qxh3 38. Bh2
Qg4+ 39. Kf1 Bc4+ 40. Ree2 Re8 {[#]} 41. Qc2 (41. Qe1 Rxe2 42. Rxe2 Qf3+ 43.
Qf2 Bxe2+ 44. Ke1 Qxf2+ 45. Kxf2 Bd1 {With 3 connected passed pawns the
opposite B endgame should be easily winning.}) (41. Qd1 Bxe2+ 42. Rxe2 Qf3+ 43.
Ke1 Qh1+ 44. Kd2 Rd8+ $19) 41... Rxe2 42. Rxe2 Qf3+ 43. Ke1 Qh1+ 44. Kd2 Bxe2
45. Bb8 Bg4 46. Qb3 Qg2+ 47. Ke3 h5 48. Qb5 Qf3+ 49. Kd4 h4 50. Qxa5 Qf6+ 51.
Be5 Qf2+ 52. Kc4 Be6+ 53. Kd3 h3 54. Qd8+ Kh7 55. Qb8 f6 56. Bg3 Qf3+ 57. Kd4
Qd1+ 58. Ke3 Qxa4 59. Qd6 Bf5 60. Qd5 Qd7 61. Qa8 Qd3+ 62. Kf2 Qd2+ 63. Kf1
Qc1+ 64. Be1 Qf4+ 65. Bf2 h2 0-1

[Event "2016 Continental"]
[Site "Colima"]
[Date "2016.11.10"]
[Round "6.3"]
[White "Martinez, Ayelen"]
[Black "Zhou, Qiyu"]
[Result "0-1"]
[WhiteElo "2238"]
[BlackElo "2312"]
[Annotator "MacKinnon / Upper"]
[PlyCount "60"]
[EventDate "2016.??.??"]
[EventType "swiss"]
[EventCountry "MEX"]
[SourceTitle "Chess Canada Tactiosauru"]
[Source "CFC/John Upper"]
[SourceDate "2023.03.11"]
[SourceVersion "1"]
[SourceVersionDate "2023.03.11"]
[SourceQuality "1"]

{[%evp 0,60,27,13,29,20,16,7,39,-10,-10,-1,20,10,10,7,28,-21,-10,-8,26,-14,-14,
-6,6,17,11,17,24,24,38,35,39,42,45,48,38,38,83,49,109,100,136,99,172,21,52,52,
136,114,114,114,139,139,192,136,222,222,221,0,0,0,0]} 1. e4 e5 2. Nf3 Nc6 3.
Bb5 a6 4. Ba4 Nf6 5. O-O Be7 6. Re1 b5 7. Bb3 d6 8. c3 O-O 9. h3 Nb8 10. d4
Nbd7 11. Nbd2 Bb7 12. Bc2 Re8 13. Nf1 Bf8 14. Ng3 g6 15. a4 c6 16. Bg5 Bg7 17.
Qd2 Qc7 18. Bh6 Bh8 19. Nf5 Rad8 20. axb5 axb5 21. Ra7 d5 22. Qg5 dxe4 23. Bb3
Nb6 24. Nxe5 Nfd5 25. Ng4 Qb8 26. Rea1 Nc4 27. Qh4 f6 28. Nfe3 Ncxe3 {[%mdl
32832] [#] What two things did White overlook after 29.Nxf6+?} 29. Nxf6+ $4 {
Playing for mate, but any of the three recaptures on e3 leaves White with a
winning advantage.} Bxf6 30. Qxf6 Nf5 $8 {Defending the mate on g7, saving the
hanging piece on e3, and threatening to chop the attacker on h6. White
resigned.} (30... Nf5 $8 {[#]  Analysis Diagram White is down a piece for a
pawn, but the exposed Black King and the terrible Bb7 give White big
compensation. In fact, there is actually a forced draw here after:} 31. Bf4 $1
{or Bxd5 first, and Black would do best to go for the draw after ...Qxf4:} (31.
Bxd5+ cxd5 32. Bf4 $11) 31... Qc8 (31... Qxf4 32. Rxb7 Rf8 33. Bxd5+ cxd5 34.
Qe6+ Kh8 35. Raa7 Qc1+ $11 {with a repetition.}) 32. Be5 Rxe5 $13 33. dxe5 Rf8
34. Bxd5+ cxd5 35. Qb6 Rf7 $8 (35... Bc6 $2 36. Rc7 $18) 36. Kh2 $13 {major
prophylaxis against ...d4 and ...e3 followed by ...Qc2.} (36. e6 $5 $13)) 0-1

[Event "Pere Noel"]
[Site "Montreal"]
[Date "2016.12.27"]
[Round "2"]
[White "Beaulieu, Eric"]
[Black "LeSiège, Alexandre"]
[Result "0-1"]
[WhiteElo "2202"]
[BlackElo "2578"]
[Annotator "Alexandre Le Siège"]
[PlyCount "86"]
[EventDate "2016.12.??"]
[EventType "swiss"]
[EventRounds "5"]
[EventCountry "CAN"]
[SourceTitle "Chess Canada Tactiosauru"]
[Source "CFC/John Upper"]
[SourceDate "2023.03.11"]
[SourceVersion "1"]
[SourceVersionDate "2023.03.11"]
[SourceQuality "1"]

{[%evp 0,86,27,27,14,14,28,6,15,20,68,53,53,31,37,12,39,61,38,52,31,37,37,7,11,
18,23,21,18,27,59,43,54,58,58,42,52,65,71,16,25,-57,-48,-39,-44,-70,-60,-66,
-83,-122,-136,-133,-137,-131,-118,-137,-114,-109,-134,-146,-109,-123,-123,-135,
-130,-240,-264,-266,-267,-275,-281,-292,-297,-299,-299,-297,-265,-257,-272,
-267,-270,-240,-270,-353,-193,-372,-378,-447,-467]} 1. d4 d5 2. Nf3 Nf6 3. c4
dxc4 4. e3 Bg4 5. Bxc4 e6 6. O-O a6 7. b3 c5 8. dxc5 Nc6 9. Ba3 Ne4 10. Nbd2
Bxc5 11. Bb2 Nxd2 12. Qxd2 Qxd2 13. Nxd2 O-O 14. Ne4 Ba7 15. Ng3 h5 16. h3 h4
17. Ne4 Bh5 18. Rfc1 Rfd8 $5 {[%mdl 32832] [#] Critical Position} 19. Bxa6 $6 {
Tell you the truth, I missed both 19. Bxa6 and 19. Bf6. I was so concentrated
on creating chances to avoid the draw that I forgot that my opponent had
serious threats. I was mainly analysing 19. Bf1 and 19. Ba3.  Eric was more
attuned to the truth of the position than me and took a long time deciding
between the two very tempting options 19. Bxa6 and 19. Bf6. He correctly
assessed that the latter would give me nice compensation, but didn't calculate
deeply enough the game's continuation.} (19. Bf6 $1 {was still indeed the best
move} gxf6 20. Nxf6+ Kf8 21. Nxh5 Bb8 $1 22. Bf1 Be5 23. Rab1 Rd2 24. a4 Rad8 {
with decent compensation since I will swap the knight coming to f4.}) 19...
Bxe3 $1 {Before Eric played 19.Bxa6?! I had already worked out the winning
continuation that happened in the game. I went from fearing the move once I
saw it to actually hoping for it.} (19... Nb4 $2 20. Bxb7 Rab8 21. Nc5 $1 $16 {
and the hanging bishop on h5 saves White.}) 20. Bxb7 $2 {Played a tempo.
Perhaps Eric should have recalculated the whole line before committing to it
-- what an extra move can do for a player's vision! It was still not too late
to bail out with:} (20. fxe3 Rxa6 21. Nc5 Ra7 22. Nxb7 Rd2 $11) 20... Bxc1 21.
Bxc1 (21. Rxc1 Rxa2) 21... Rd1+ 22. Kh2 {[#]} Rb8 23. Bxc6 Rc8 $8 {Oops, Black
regains a piece! My opponent clearly made some kind of inexperienced tactical
mistake. When you have a rook pinned on the first rank, this should be a
warning sign to calculate more deeply than usual since some unexpected tactics
often occur in those circumstances.} 24. Bb5 Rcxc1 $19 25. Rxc1 Rxc1 26. a4 {
The two connected passed pawns look a little scary, but I am in time to stop
them.} Bd1 27. b4 Bc2 $1 28. Nd2 (28. Nc5 Rb1 29. Na6 Be4 $19 {White can't
move.}) 28... Rd1 29. Nc4 Be4 $1 30. f3 Bd5 31. Ne5 Rd4 {The simplest. I just
had to make sure I was in time to stop the pawn after the bishop trade.} 32.
Nd3 Bc4 33. Bxc4 Rxc4 34. b5 Rxa4 35. b6 Ra1 36. b7 Rb1 37. Nc5 {White is
pinning his hopes on some kind of geometry; the f8, e5 and f6 squares are all
mined. However, after Black's next, White will be left only with K moves.} Rb2
$1 {The cleanest, White is deprived of g4.} 38. Kg1 Kh7 39. Kf1 Kg6 40. Ke1 Kf5
41. Kd1 e5 42. Kc1 Rb6 {The rook creates an impenetrable barrier, allowing the
Black K to mop up the kingside pawns.} 43. Kd2 Kf4 {The critical moment of the
game was very strange. It seems that 19.Bxa6 should have worked under normal
circumstances, but for some concrete reasons it didn't.} 0-1